000 00564nam a2200229Ia 4500
003 OSt
005 20221005132529.0
006 a|||||r|||| 00| 0
007 ta
008 221004b |||||||| |||| 00| 0 tam d
024 _a47930
037 _cTextual
040 _aCRL
_cCRL
_btam
041 _2tam
_atam
082 _aO31,1A10jC5, 31M9
100 _aRamswamy
_9641270
245 0 _aTrina makkanikal
260 _c1989
650 _aTAMIL POETRY
942 _hO31,1A10jC5, 31M9
_cTEXL
_2cc
999 _c1063911
_d1063911